000 00905cam a2200289 a 4500
001 2226
005 20250117110223.0
020 _a0307119734
020 _a0307611930
020 _a033500119730
040 _aDLC
_cDLC
_beng
050 0 0 _aPZ7.M462
_bJr 1989
082 0 0 _a479
_220
100 1 _aMayer, Mercer
_d1943-
245 1 0 _aJust a daydream /
_cby Mercer Mayer to Daniel Hall
260 _aRacine :
_bGolden Book ;
_bWestern Pub. Co.,
_c1989
300 _a23 unnumbered pages :
_bIllustrations
_c20x20 cm
490 1 _aA Little Critter book
490 0 _aA Golden look-look book
505 _aK
520 _aLittle Critter daydreams about what he would do to the local bully if he were Super Critter.
521 _a570
_bLexile
521 _aK
_bRaz-Plus
650 1 _aBullies and bullying
_vFiction.
906 _a7
_bcbc
_corignew
_d3
_eocip
_f19
_gy-gencatlg
942 _2ddc
_cBK
_n0
999 _c2226
_d2226